Sports Quiz

Random Sports or NBA Quiz

NBA 70 GREATEST PLAYERS EVER (1946-2016) Quiz Stats

 Plays Quiz not verified by Sporcle

Challenge
Share
Tweet
Embed
Score 0/70 Timer 08:00
0 Plays Today
Position Player % Correct
CKareem Abdul-Jabbar
96.3%
FLeBron James
95.1%
GMichael Jordan
94.5%
FTim Duncan
92.2%
CShaquille O,Neal
91.7%
GKobe Bryant
91.4%
FLarry Bird
91%
GRay Allen
90.7%
FKarl Malone
90.7%
FKevin Garnett
90.7%
CMoses Malone
90%
CWilt Chamberlain
89.4%
GEarvin 'Magic' Johnson
89.3%
FScottie Pippen
88.9%
CDavid Robinson
88.9%
GAllen Iverson
88.6%
CBill Russell
87.3%
GJerry West
87.2%
GIsiah Thomas
86.9%
CHakeem Olajuwon
86.2%
FKevin Durant
86%
GJohn Stockton
85.6%
GDwyane Wade
85.6%
FDirk Nowitzki
85.3%
CPatrick Ewing
85.2%
FCharles Barkley
84.9%
FPaul Pierce
84.5%
GOscar Robertson
84.3%
GSteve Nash
83.4%
GGary Payton
83.2%
GClyde Drexler
82.8%
FJulius Erving
82.8%
GStephen Curry
82.2%
FDominique Wilkins
82.1%
GJason Kidd
81.9%
Position Player % Correct
GReggie Miller
81.9%
GBob Cousy
81.1%
FKevin McHale
80.3%
CPau Gasol
80%
FDennis Rodman
79.7%
GGeorge Gervin
79.1%
GChris Paul
79%
FJohn Havlicek
78%
CRobert Parish
77.3%
FElgin Baylor
76.3%
FJames Worthy
75.9%
GWalt Frazier
75.3%
FRick Barry
73.6%
GSam Jones
72.8%
CWillis Reed
71.5%
FBob Pettit
71.4%
CGeorge Mikan
69.8%
CBill Walton
69.7%
FElvin Hayes
69.1%
GPete Maravich
67.3%
CWes Unseld
66.9%
GNate Archibald
65.7%
CBob McAdoo
63.3%
CDave Cowens
62.3%
FDolph Schayes
56.3%
GEarl Monroe
54.6%
FPaul Arizin
53.5%
G Hal Greer
51.8%
GDave Bing
51.2%
CNate Thurmond
51.2%
GLenny Wilkens
49.4%
FDave DeBusschere
46%
FBilly Cunningham
42.7%
GBill Sharman
42.6%
FJerry Lucas
42.2%

You're not logged in!

Compare scores with friends on all Sporcle quizzes.
OR
Log In

You Might Also Like...

Show Comments

Extras

Created Sep 8, 2016ReportNominate
Tags:NBA Quiz, ever, greatest, player, team

Top Quizzes Today


Score Distribution

Your Account Isn't Verified!

In order to create a playlist on Sporcle, you need to verify the email address you used during registration. Go to your Sporcle Settings to finish the process.

Report this User

Report this user for behavior that violates our Community Guidelines.

Details: